Liczby podzielne przez 3 - nagła śmierć - Statystyki

Ogólne statystyki
  • Ten quiz został rozwiązany 389 razy
  • Średni wynik to 7 z 15
Answers on the Grid
Answers color-coded by a green-red scale on the quiz's grid according to % correct below.
32
78
107
618
1074
997
5258
23816
1234567890
3108
574
477
58
264
2024
1984
2137
1410
966
1683
1944
411
533
2112
40000
790
1939
88
1914
27
 
Statystyki odpowiedzi
Odpowiedź % Poprawnych
27
75%
966
62%
78
53%
618
51%
2112
50%
411
49%
264
47%
1410
46%
1074
45%
1914
43%
3108
43%
1683
41%
477
41%
1944
39%
1234567890
36%
Nie znaleziono quizów pasujących do podanych kryteriów
Rozkład punktacji
Procent ludzi z każdym wynikiem
Percentyl według liczby udzielonych odpowiedzi
Twoja historia wyników
Nie rozwiązałeś tego quizu